Armed Gyllenstierna (Record no. 5565)

MARC details
000 -CABECERA
campo de control de longitud fija 00550nam a2200205 a 4500
001 - NÚMERO DE CONTROL
campo de control BRCA_5876
005 - FECHA Y HORA DE LA ÚLTIMA TRANSACCIÓN
campo de control 20190320205240.0
008 - DATOS DE LONGITUD FIJA--INFORMACIÓN GENERAL
campo de control de longitud fija 160311s--------ag-#######---#000-0#ger-#
041 ## - CÓDIGO DE LENGUA
Código de lengua del texto/banda sonora o título independiente ger
044 ## - CÓDIGO DEL PAÍS DE LA ENTIDAD EDITORA/PRODUCTORA
Código MARC del país gw
050 #4 - SIGNATURA TOPOGRÁFICA DE LA BIBLIOTECA DEL CONGRESO
Número de clasificación DD757
Número de documento/Ítem .A75
245 10 - MENCIÓN DE TÍTULO
Título Armed Gyllenstierna
Resto del título Eine Erzählung aus dem Anfange des achtzehnten Jahrhunderts.
Mención de responsabilidad, etc. Belde, F. van der.
260 ## - PUBLICACIÓN, DISTRIBUCIÓN, ETC.
Lugar de publicación, distribución, etc. Leipzig
Nombre del editor, distribuidor, etc. Phillip Reclam.
300 ## - DESCRIPCIÓN FÍSICA
Extensión 260 p.
Dimensiones 15 cm.
500 ## - NOTA GENERAL
Nota general H123
650 14 - PUNTO DE ACCESO ADICIONAL DE MATERIA--TÉRMINO DE MATERIA
Término de materia o nombre geográfico como elemento de entrada Armada
Subdivisión geográfica Alemania
9 (RLIN) 14870
650 14 - PUNTO DE ACCESO ADICIONAL DE MATERIA--TÉRMINO DE MATERIA
Término de materia o nombre geográfico como elemento de entrada Historia
9 (RLIN) 8124
902 ## - CATALOGADOR
Iniciales GFM
942 ## - ELEMENTOS DE PUNTO DE ACCESO ADICIONAL (KOHA)
Fuente del sistema de clasificación o colocación Library of Congress Classification
Tipo de ítem Koha Libros
Holdings
Estado de retiro Estado de pérdida Estado dañado No para préstamo Localización permanente Ubicación/localización actual Fecha de adquisición Número de inventario Total de préstamos Signatura topográfica completa Código de barras Fecha visto por última vez Precio válido a partir de Tipo de ítem Koha
El ejemplar forma parte de la colección y puede ser consultado según las políticas vigentes.       Biblioteca del Museo Franz Mayer (Rogerio Casas-Alatriste) Biblioteca del Museo Franz Mayer (Rogerio Casas-Alatriste) 16/03/2011 H123   DD757 .A75 (H123) 6315 22/03/2019 22/03/2019 Libros